Score 0/15 Timer 03:00
0 Plays Today
Hint Answer % Correct
W H O L E L A N E > October 31H ALLOWEEN
98.7%
D I M T H I N G > 12 o'clockM IDNIGHT
93.6%
C A T I T > Highest room in a (haunted?) houseA TTIC
92.7%
R E I E E > Spooky, mysteriousE ERIE
91.6%
L I G H T W I T > DuskT WILIGHT
89.7%
C A N R I D > Putrescent, rottingR ANCID
89.3%
G I R L N U K > Waiting menacinglyL URKING
88.9%
P O E S G L I T T E R > Disruptive spiritP OLTERGEIST
88%
Hint Answer % Correct
D E S K S R A N > Absence of lightD ARKNESS
86.1%
M Y P E T > Vacuous, desertedE MPTY
85.1%
O R A L M A N P A R > Not explainable by scienceP ARANORMAL
83.2%
M O T H P A N > GhostP HANTOM
76.4%
C U B I N U S > Demon from a nightmareI NCUBUS
69.4%
Finally, without using any punctuation or spaces, write out the secret message:Yes, you are trapped. Alone. Forgotten. Afraid. Forever. On the plus side, though, you solved the quiz. Congratulations!
60.3%
R A C I N E S > Poisonous elementA RSENIC
59.3%

You're not logged in!

Compare scores with friends on all Sporcle quizzes.
OR
Log In

Sporcle TV

Today on Sporcle TV


Watch our educational content, quiz creation guides, and fun videos on Sporcle TV.

Show Comments

Extras

Top Quizzes Today


Score Distribution

Paid Content

Your Account Isn't Verified!

In order to create a playlist on Sporcle, you need to verify the email address you used during registration. Go to your Sporcle Settings to finish the process.

Report this User

Report this user for behavior that violates our Community Guidelines.

Details: